| 000 | 00520nam a2200157 i 4500 | ||
|---|---|---|---|
| 001 | 61296 | ||
| 003 | ES-MaACL | ||
| 005 | 20230906164425.0 | ||
| 007 | t| | ||
| 008 | 031111s1970 sp ||||1| spa d | ||
| 245 | 0 | 0 | _aEstatutos y ordenanzas generales que S.M. manda observar a los Colegios y Comunidades de cirujanos... en Barcelona, Cádiz y Principado de Cataluña. |
| 260 |
_a[Barcelona : _bs.n., _c1970] |
||
| 300 |
_aCXXIII p. ; _c20 cm. |
||
| 500 | _aEjemplar facsímil. | ||
| 852 |
_aES-MaACL _jC-51707 _bR.765149 |
||
| 999 |
_c61296 _d61296 |
||